The lampitt papers / (Record no. 117848)
[ view plain ]
| 000 -LEADER | |
|---|---|
| fixed length control field | 01208cam a2200349 a 4500 |
| 001 - CONTROL NUMBER | |
| control field | 4957039 |
| 003 - CONTROL NUMBER IDENTIFIER | |
| control field | ARRUPE |
| 005 - DATE AND TIME OF LATEST TRANSACTION | |
| control field | 20130917174849.0 |
| 008 - FIXED-LENGTH DATA ELEMENTS--GENERAL INFORMATION | |
| fixed length control field | 961031s1995 enk 000 1 eng |
| 010 ## - LIBRARY OF CONGRESS CONTROL NUMBER | |
| LC control number | 96215672 |
| 020 ## - INTERNATIONAL STANDARD BOOK NUMBER | |
| International Standard Book Number | 1856196801 |
| 040 ## - CATALOGING SOURCE | |
| Original cataloging agency | DLC |
| Transcribing agency | DLC |
| Modifying agency | DLC |
| -- | OCoLC |
| -- | DLC |
| 043 ## - GEOGRAPHIC AREA CODE | |
| Geographic area code | n-us-ny |
| 050 00 - LIBRARY OF CONGRESS CALL NUMBER | |
| Classification number | PR6073.I439 |
| Item number | H44 1995 |
| 082 00 - DEWEY DECIMAL CLASSIFICATION NUMBER | |
| Classification number | 823/.914 |
| Edition number | 21 |
| 300 ## - PHYSICAL DESCRIPTION | |
| Dimensions | 20cm. |
| 100 1# - MAIN ENTRY--PERSONAL NAME | |
| Personal name | Wilson, A. N., |
| Dates associated with a name | 1950- |
| 9 (RLIN) | 422 |
| 245 10 - TITLE STATEMENT | |
| Title | The lampitt papers / |
| Statement of responsibility, etc | A.N. Wilson. |
| 260 ## - PUBLICATION, DISTRIBUTION, ETC. (IMPRINT) | |
| Place of publication, distribution, etc | London : |
| Name of publisher, distributor, etc | Sinclair-Stevenson, |
| Date of publication, distribution, etc | 1995. |
| 300 ## - PHYSICAL DESCRIPTION | |
| Extent | 802p. ; |
| 490 1# - SERIES STATEMENT | |
| Series statement | The Lampitt papers |
| 650 #0 - SUBJECT ADDED ENTRY--TOPICAL TERM | |
| Topical term or geographic name as entry element | Ramsay, Julian (Fictitious character) |
| General subdivision | Fiction. |
| 9 (RLIN) | 423 |
| 650 #0 - SUBJECT ADDED ENTRY--TOPICAL TERM | |
| Topical term or geographic name as entry element | Manuscripts |
| General subdivision | Collectors and collecting |
| -- | Fiction. |
| 9 (RLIN) | 424 |
| 650 #0 - SUBJECT ADDED ENTRY--TOPICAL TERM | |
| Topical term or geographic name as entry element | Forgery of manuscripts |
| General subdivision | Fiction. |
| 9 (RLIN) | 425 |
| 650 #0 - SUBJECT ADDED ENTRY--TOPICAL TERM | |
| Topical term or geographic name as entry element | Biographers |
| General subdivision | Fiction. |
| 9 (RLIN) | 426 |
| 651 #0 - SUBJECT ADDED ENTRY--GEOGRAPHIC NAME | |
| Geographic name | New York (N.Y.) |
| General subdivision | Fiction. |
| 9 (RLIN) | 427 |
| 655 #7 - INDEX TERM--GENRE/FORM | |
| Genre/form data or focus term | Detective and mystery stories. |
| Source of term | gsafd |
| 9 (RLIN) | 428 |
| 655 #7 - INDEX TERM--GENRE/FORM | |
| Genre/form data or focus term | Humorous stories. |
| Source of term | gsafd |
| 9 (RLIN) | 429 |
| 800 1# - SERIES ADDED ENTRY--PERSONAL NAME | |
| Personal name | Wilson, A. N., |
| Dates associated with a name | 1950- |
| Title of a work | Lampitt papers. |
| 9 (RLIN) | 430 |
| 906 ## - LOCAL DATA ELEMENT F, LDF (RLIN) | |
| a | 7 |
| b | cbc |
| c | orignew |
| d | 2 |
| e | ncip |
| f | 19 |
| g | y-gencatlg |
| 942 ## - ADDED ENTRY ELEMENTS (KOHA) | |
| Source of classification or shelving scheme | Library of Congress Classification |
| Koha item type | Monograph ( Printed materials) |
| Withdrawn status | Lost status | Source of classification or shelving scheme | Damaged status | Not for loan | Collection code | Home library | Current library | Shelving location | Date acquired | Total Checkouts | Full call number | Barcode | Date last seen | Price effective from | Koha item type |
|---|---|---|---|---|---|---|---|---|---|---|---|---|---|---|---|
| Library of Congress Classification | Main Collection | ARRUPE LIBRARY | ARRUPE LIBRARY | Main Collection | 17/09/2013 | PR6073.I439 H44 1995 | 46411789 | 17/09/2013 | 17/09/2013 | Monograph ( Printed materials) |